| 000 | 00625nam a2200229Ia 4500 | ||
|---|---|---|---|
| 008 | 180523s9999 xx 000 0 und d | ||
| 020 | _a0-538-72649-0 | ||
| 050 | _aMAIN HF 5385 | ||
| 050 | _b.C76 2003 c.2 | ||
| 100 | _aCsordos, Mark. D. | ||
| 245 | 0 | _aBusiness lessons for entrepreneurs : | |
| 245 | 0 | _b35 thing s I learned before the age of thirty / | |
| 245 | 0 | _cMark D. Csordos. | |
| 260 | _aSingapore : | ||
| 260 | _bThomson Learning, | ||
| 260 | _c2003 | ||
| 300 | _a167 pages : | ||
| 300 | _c23 cm. | ||
| 500 | _aIncludes index. | ||
| 650 | _aEntrepreneurship. | ||
| 650 | _xNew business enterprises. | ||
| 999 |
_c357012 _d357012 |
||